Bài tập vật lí 11

Các bài tập được biên soạn theo sát nội dung của các bài thuộc từng chương của sách giáo khoa Vật lí 11. Trong mỗi bài, các bài tập được sắp xếp theo mức độ từ dễ đến khó, bắt đầu là các bài tập tiếp theo là các bài tập tự luận....

全面介紹

Đã lưu trong:
書目詳細資料
主要作者: Lương, Duyên Bình
格式: 圖書
語言:Undetermined
出版: Hà Nội Giáo dục 2013
主題:
標簽: 添加標簽
沒有標簽, 成為第一個標記此記錄!
Thư viện lưu trữ: Trung tâm Học liệu Trường Đại học Cần Thơ
LEADER 01096nam a2200217Ia 4500
001 CTU_182418
008 210402s9999 xx 000 0 und d
020 |c 12300 
082 |a 530.076 
082 |b B312 
100 |a Lương, Duyên Bình 
245 0 |a Bài tập vật lí 11 
245 0 |c Lương Duyên Bình, Vũ Quang (đồng chủ biên) 
260 |a Hà Nội 
260 |b Giáo dục 
260 |c 2013 
520 |a Các bài tập được biên soạn theo sát nội dung của các bài thuộc từng chương của sách giáo khoa Vật lí 11. Trong mỗi bài, các bài tập được sắp xếp theo mức độ từ dễ đến khó, bắt đầu là các bài tập tiếp theo là các bài tập tự luận. Kèm theo đó là những bài hướng dẫn giải và đáp án cho mỗi bài tập. 
650 |a Physics 
650 |x Study and teaching (Secondary) 
904 |i Bằng 
980 |a Trung tâm Học liệu Trường Đại học Cần Thơ